NFL - 2026 New York Giants Roster - Statistics

General Stats
  • This quiz has been taken 147 times
  • The average score is 13 of 23
Answer Stats
Hint Answer % Correct
QB Jaxson Dart
100%
RB Tyrone Tracy Jr.
89%
WR Wan'Dale Robinson
88%
TE Theo Johnson
84%
WR Darius Slayton
83%
NT Dexter Lawrence II
83%
LB Brian Burns
79%
LT Andrew Thomas
78%
MLB Bobby Okereke
59%
K Younghoe Koo
57%
DE Kayvon Thibodeaux
53%
CB Cor'Dale Flott
52%
SS Tyler Nubin
51%
FS Jevon Holland
49%
CB Paulson Adebo
48%
C John Michael Schmitz Jr.
47%
NB Dru Phillips
46%
LG Jon Runyan
45%
RG Greg Van Roten
40%
RT Jermaine Eluemunor
37%
DT Rakeem Nuñez-Roches Sr.
28%
WR Gunner Olszewski
21%
MLB Demetrius Flannigan-Fowles
10%
No matching quizzes found
Score Distribution
Percent of People with Each Score
Percentile by Number Answered
Your Score History
You have not taken this quiz